00397nam a2200157Ia 4500008004100000020001500041082001300056100001900069245003300088250000600121260002500127300001600152500002400168650001000192700003700202230524s9999 xx 000 0 und d a8123905432 a624bBIC aJohn O. Bickel 0aTunnel Engineering Hand Book a2 aNew DelhibCBSc2004 a"xiv,544p;" aQuantity Number: 2 aCivil a"Thomas R. Kuesel,Elwyn H. King"